| 000 | 00692nam a2200193 4500 | ||
|---|---|---|---|
| 999 |
_c13831 _d13831 |
||
| 020 | _a9789710093250 | ||
| 082 | _aFil. 224.509505 A4335f 2014 | ||
| 100 | _aAlba-Jones, Beng | ||
| 245 |
_aFlaming furnace, fiery faith / _cretold by Beng Alba-Jones ; illustrated by Beth Parrocha-Doctolero |
||
| 260 |
_aMetro Manila _bOMF Literature Inc. _cc2014 |
||
| 300 |
_a31 pages : _bchiefly colored illustrations ; _c22.5 x 17 cm |
||
| 490 | _aWow god! | ||
| 526 |
_a200-299 _d220 |
||
| 650 | _aBible stories, English -- Juvenile literature | ||
| 650 | _aTrust in God in the Bible | ||
| 650 | _aChildren's stories, Philippine (English) | ||
| 650 | _aChildren's stories, Tagalog | ||
| 942 |
_2ddc _cBK |
||